000 00518nam a2200181 a 4500
005 20260322212015.0
008 data
020 _a9780785168348
099 _aGILLEK
100 1 _aGillen, Kieron
245 1 0 _aIron Man :
_bthe secret origin of Tony Stark.
_cKieron Gillen, Greg Land & Dale Eaglesham.
260 _aNew York, NY :
_bMarvel Worldwide,
_c2013.
300 _a1 volume (unpaged) : color illustrations ;
_b27 cm.
650 0 _aScience fiction
700 1 _aLand, Greg
700 1 _aEaglesham, Dale
001 data
999 _c323
_d323